Statistics for Counties of England Quiz

Click here to take the quiz!

General Stats

  • This quiz has been taken 194,530 times
  • The average score is 27 of 48

Answer Stats

County % Correct
North Yorkshire
85%
Cornwall
82%
Greater London
80%
City of London
79%
Devon
76%
Essex
76%
Kent
74%
Norfolk
67%
Greater Manchester
67%
Lancashire
65%
Oxfordshire
64%
Hampshire
63%
Cambridgeshire
63%
Cumbria
62%
Suffolk
61%
South Yorkshire
59%
Lincolnshire
59%
Somerset
59%
Northumberland
57%
Leicestershire
56%
Dorset
56%
Nottinghamshire
56%
Surrey
56%
Derbyshire
55%
West Sussex
54%
East Sussex
54%
Isle of Wight
54%
Gloucestershire
54%
East Riding of
Yorkshire
53%
West Yorkshire
53%
Cheshire
52%
Hertfordshire
52%
City of Bristol
52%
Buckinghamshire
52%
Merseyside
50%
Durham
50%
Berkshire
49%
Herefordshire
48%
Worcestershire
48%
Tyne and Wear
48%
Wiltshire
46%
Shropshire
46%
Northamptonshire
46%
West Midlands
45%
Warwickshire
45%
Bedfordshire
45%
Staffordshire
41%
Rutland
39%

Score Distribution

Percentile by Number Answered

Percent of People with Each Score

Your Score History

You have not taken this quiz